=LDR 00000nam 2200000 4500 =001 INLIS000000000018558 =005 20130612113728 =008 ***********************************Ind** =035 ##$$0010-061300000018558 =041 ##$$a Ind =082 ##$$a 370 =090 ##$$a 370, Ahm i =100 ##$$a Ahmadi, Abu =245 ##$$a Ilmu pendidikan, oleh Drs. H. Abu Ahmadi, Dra. Nur Uhbiayati =260 ##$$a 1991 $b Jakarta =300 ##$$a ix, 309 hlm, 20 cm =650 ##$$a Pendidikan =850 ##$$a NBPNMAT =990 ##$$a 0001/BPAP-NTB/20142014 =990 ##$$a 0001/BPAP-NTB/2015